| 000 | 01301 a2200229 4500 | ||
|---|---|---|---|
| 999 |
_c332505 _d332505 |
||
| 003 | NUST | ||
| 005 | 20171211121111.0 | ||
| 008 | 171211b xxu||||| |||| 00| 0 eng d | ||
| 020 | _a8121924901 | ||
| 040 | _c0 | ||
| 082 | _a621.305 THE | ||
| 100 |
_aTheraja, B. L. _97131 |
||
| 245 |
_aTextbook of Electrical Technology : _cB. L. Theraja _b transmission,distribution and utilization [vol. 3] |
||
| 260 |
_aNew Delhi. _bS Chand _c2009 |
||
| 300 |
_axiv,1570-2016p. : _bcol. ill. ; _c25 cm. |
||
| 500 | _aP.B | ||
| 650 |
_aelectrical technology _97132 |
||
| 942 |
_2ddc _cBK _kIESE |
||